00330nam a22001337a 4500003000400000020001800004082001800022100002200040245006700062260002400129300000900153650001700162653001700179SGT a9781265016982 a617.621bG23B aBrunton, Lawrence aGoodman and Gilman's the Pharmacological basis of therapeutics bMc Graw Hill c2023 a1644 aPharmacology aPharmacology